000 00378nam a2200145Ia 4500
008 240624s9999 xx 000 0 und d
041 _aeng
082 _a332.6 SHA
100 _aSHAFFER DANIEL S
245 _aPROFITING IN ECONOMIC STORMS A HISTORIC
250 _a11
260 _c2010
_aNew Jersey
_bJohn Wiley and Sons
300 _axvii, : 215 : p. ; 23cm.
365 _c
_b27
999 _c17664
_d17664